000 00372nam a22001097a 4500
008 230612b xxu||||| |||| 00| 0 eng d
082 _a354.676
_bGOK
245 _a2016/2017 Estimates of Recurrent Expenditure of the Government for the Year Ending 30th June 2017
_cGovernment of Kenya
260 _aNairobi
_bGovernment of Kenya
_cJune 2016
300 _a725 p
942 _2ddc
_cBK
999 _c1050
_d1050